Elementary mechanism : a textbook for students of mechanical engineering /

Bibliographic Details
Main Author: Woods, Arthur Tannatt
Other Authors: Stahl, Albert W.
Format: Book
Language:English
Published: New York : D. Van Nostrand Company, [1893]
Edition:15th ed.
Subjects:

MARC

Tag First Indicator Second Indicator Subfields
LEADER 00000cam a2200000 4500
001 in00000045743
005 20151007075237.0
008 800613s1893 nyua 00010 eng d
035 |a (OCoLC)06416545 
035 |9 AAF2886AM 
040 |a TXA  |c TXA  |d UtOrBLW 
049 |a TXAM  |c [45449] 
090 |a TJ175  |b W89 
092 |a 621.8  |b W89e15 
100 1 |a Woods, Arthur Tannatt. 
245 1 0 |a Elementary mechanism :  |b a textbook for students of mechanical engineering /  |c By Arthur T. Woods ... and Albert W. Stahl ... 
250 |a 15th ed. 
264 1 |a New York :  |b D. Van Nostrand Company,  |c [1893] 
264 4 |c ©1893 
300 |a ix, 310 pages :  |b illustrations ;  |c 20 cm. 
336 |a text  |b txt  |2 rdacontent 
337 |a unmediated  |b n  |2 rdamedia 
338 |a volume  |b nc  |2 rdacarrier 
650 0 |a Machinery, Kinematics of. 
700 1 |a Stahl, Albert W. 
999 |a MARS 
999 f f |s 49d983fc-1037-3d17-9cd7-c97b81f00315  |i d38aef2c-d64f-393b-9557-70add2918973  |t 0 
952 f f |p ric  |a Texas A&M University  |b Rellis Campus  |c Joint Library Facility  |d Remote Storage  |t 0  |e TJ175 W89  |h Library of Congress classification  |i unmediated -- volume  |m A14801041975 
998 f f |a TJ175 W89  |t 0  |l Remote Storage